UM Logo

Desk reference to the diagnostic criteria from DSM-5/ (Record no. 1430)

MARC details
000 -LEADER
fixed length control field 00734nam a22002177a 4500
003 - CONTROL NUMBER IDENTIFIER
control field OSt
005 - DATE AND TIME OF LATEST TRANSACTION
control field 20160504144740.0
008 - FIXED-LENGTH DATA ELEMENTS--GENERAL INFORMATION
fixed length control field 160323b xxu||||| |||| 00| 0 eng d
020 ## - INTERNATIONAL STANDARD BOOK NUMBER
International Standard Book Number 978-974-652-267-0
040 ## - CATALOGING SOURCE
Transcribing agency LIC
082 ## - DEWEY DECIMAL CLASSIFICATION NUMBER
Edition number 2013
Classification number DC 616.89
Item number Am35
245 ## - TITLE STATEMENT
Title Desk reference to the diagnostic criteria from DSM-5/
Statement of responsibility, etc. American Psychiatric Association.
260 ## - PUBLICATION, DISTRIBUTION, ETC. (IMPRINT)
Place of publication, distribution, etc. Washington, D.C. :
Name of publisher, distributor, etc. American Psychiatric Publishing,
Date of publication, distribution, etc. c2013.
300 ## - PHYSICAL DESCRIPTION
Extent xlviii, 395 pages ;
Dimensions 17 cm.
500 ## - GENERAL NOTE
General note Includes index.
650 #0 - SUBJECT ADDED ENTRY--TOPICAL TERM
9 (RLIN) 4334
Topical term or geographic name as entry element Mental illness
General subdivision Classification
650 #0 - SUBJECT ADDED ENTRY--TOPICAL TERM
9 (RLIN) 4336
Topical term or geographic name as entry element Mental illness
General subdivision Diagnosis
650 #0 - SUBJECT ADDED ENTRY--TOPICAL TERM
9 (RLIN) 4337
Topical term or geographic name as entry element Mental Disorders
General subdivision diagnosis
650 #0 - SUBJECT ADDED ENTRY--TOPICAL TERM
9 (RLIN) 4338
Topical term or geographic name as entry element Mental Disorders
General subdivision classification
942 ## - ADDED ENTRY ELEMENTS (KOHA)
Source of classification or shelving scheme Dewey Decimal Classification
Koha item type Books
Holdings
Withdrawn status Lost status Source of classification or shelving scheme Damaged status Not for loan Collection code Home library Current library Shelving location Date acquired Source of acquisition Total Checkouts Full call number Barcode Date last seen Date last checked out Copy number Price effective from Koha item type Total Renewals
    Dewey Decimal Classification     Circulation UM Digos College - LIC UM Digos College - LIC Book Cart 02/13/2014 Purchased 13 DC 616.89 Am35 2013 22237 05/15/2025 09/01/2021 1 03/23/2016 Circulation  
    Dewey Decimal Classification     Circulation UM Digos College - LIC UM Digos College - LIC Book Cart 02/13/2014 Purchased 17 DC 616.89 Am35 2013 22238 05/15/2025 04/25/2023 2 03/23/2016 Circulation 1
    Dewey Decimal Classification     Circulation UM Digos College - LIC UM Digos College - LIC Book Cart 02/13/2014 Purchased 16 DC 616.89 Am35 2013 22239 05/15/2025 09/19/2019 3 03/23/2016 Circulation 1